| 000 | 00561nam a22001937a 4500 | ||
|---|---|---|---|
| 999 |
_c167196 _d167196 |
||
| 005 | 20190823153026.0 | ||
| 010 | _aENG-126289 | ||
| 020 |
_c150.00 _a978-93-80816-06-7 |
||
| 035 | _aEN-109821 | ||
| 037 | _bDBAD/PUB | ||
| 082 | _aN | ||
| 100 | _aHardy,Thomas | ||
| 245 |
_aThe Mayor of Casterbridge/ _cby Thomas Hardy |
||
| 260 |
_aU.P. _bMaple Press Private Limited _c2018 |
||
| 270 |
_bNoida _aA-63, Sector 58, _e201301 _k+911204553581,4553583 _minfo@maplepress.co.in |
||
| 300 |
_a368p. _c22cm(pbk) |
||
| 650 | _aENGLISH NOVEL | ||
| 942 |
_2ddc _cEN _hN _mHAR |
||